Michalovce

Zobrazenie: pohľad na budovy na okraji námestia

Bibliographic Details
Other Authors: Belický, Karol, 1937-2016 (Photographer)
Format: Postcard
Language:Slovak
PhysicalDescription:1 pohľadnica čiernobiela 11 x 15 cm
Published: [Bratislava] VPL 1964
Subjects:

MARC

LEADER 00000nkm a2200000 a 4500
001 vtls011627221
003 SK-MaSNL
005 20260512124659.0
007 kp bo
008 231206s1964 xo g kuslo
015 |a SNBG1964 
040 |a SNK  |b slo  |c SNK  |e AACR2 
041 0 |a slo 
043 |a e-xo--- 
044 |a xo  |c SK 
080 |a 908(437.6)  |2 2011 
080 |a (084.121)  |2 2011 
080 |a 625.712.4  |2 2011 
080 |a 711.61  |2 2011 
100 1 |a Belický, Karol,  |d 1937-2016  |4 pht  |9 122693 
245 1 0 |a Michalovce  |h grafika  |c Foto Karol Belický 
260 |a [Bratislava]  |b VPL  |c 1964 
300 |a 1 pohľadnica  |b čiernobiela  |c 11 x 15 cm 
520 8 |a Zobrazenie: pohľad na budovy na okraji námestia 
650 0 7 |a námestia  |2 SNKPH  |9 26291 
651 7 |a Michalovce (Slovensko)  |2 SNKPH  |9 22487 
655 7 |a miestne pohľadnice  |2 SNKPH  |9 70510 
958 |a GC 
958 |a GBN 
958 |a OND 
999 |c 941739  |d 943669 
952 |a SNK  |b SNK  |y PREZ  |7 0  |p 17A1222463  |o snkSP 17992  |0 0  |1 0  |4 0  |d 2017-05-04  |f 1  |l 0  |r 2026-02-24 09:21:46  |w 2026-02-24